| 000 | 00814cam a2200253 a 4500 | ||
|---|---|---|---|
| 003 | OSt | ||
| 005 | 20140310181658.0 | ||
| 008 | 930108s1992 ph 000 0 eng | ||
| 020 | _a9710851128 | ||
| 050 | 0 | 0 |
_aKPM 1744 _b.N793 1992 |
| 082 |
_aHS 342 _bN62 1992 |
||
| 100 |
_aNolledo, Jose _910841 |
||
| 110 | 1 |
_aPhilippines. _9436 |
|
| 245 | 1 | 4 |
_aThe 1987 constitution of the Philippines : _bwith highlights of the new constitution / _cJose Nolledo |
| 250 | _a1992 rev. ed. | ||
| 260 |
_aMandaluyong City : _bPhilippine Graphic Arts, Inc. _cc1992. |
||
| 300 |
_axxix, 79 p. ; _c22 cm. |
||
| 650 | 0 |
_aConstitutions _zPhilippines. _910842 |
|
| 650 | 0 |
_aConstitutional law _zPhilippines. _910843 |
|
| 700 | 1 |
_aNolledo, Jose N. _9438 |
|
| 710 | 2 |
_aNational Book Store. _910844 |
|
| 942 |
_2lcc _cHS |
||
| 999 |
_c1144 _d1144 |
||